| 000 | 00821nam a2200193 a 4500 | ||
|---|---|---|---|
| 008 | 100330s2005 ||||||||||||||||| || u | ||
| 020 | _a0273688766 | ||
| 050 | _aHD 58.7 Mul | ||
| 100 | _aMullins, Lauriew J | ||
| 245 | 1 | 0 |
_aManagement and organizational behaviour. (7th ed.) _cLaurie J. Mullins |
| 250 | _a7th ed. | ||
| 260 |
_aHarlow, England: _bPrentice Hall _c2005 |
||
| 300 | _axxiv, 1095p.: ill. | ||
| 350 | _a0.00 | ||
| 650 | 0 | _aMANAGEMENT | |
| 650 | _aORGANIZATIONAL BEHAVIOUR | ||
| 995 |
_aSHORT LOAN BOOKS _D130000.00 _e738609 _FCBU-MAIN LIBRARY (Kitwe) _H1 _I0.00 _jHD 58.7 MUL _M1 _UAVAILABLE _WMar 13, 2008 _y738609 _ZShort Loan Collection |
||
| 995 |
_aMAIN LIBRARY OPEN ACCESS _D0.00 _e741313 _FCBU-MAIN LIBRARY (Kitwe) _H1 _I0.00 _jHD 58.7 MUL _M2 _UAVAILABLE _WApr 13, 2010 _y741313 _ZMain Library Open Access Collection |
||
| 999 |
_c82409 _d82409 |
||